000 00698nam a2200241Ia 4500
003 OSt
005 20220925204956.0
006 a|||||r|||| 00| 0
007 ta
008 220923b |||||||| |||| 00| 0 eng d
020 _a9282010953
037 _cGeneral Book
040 _aRTL
_cRTL
_beng
041 _2eng
_aeng
082 _aY9(T):5.1, N9
100 _aKing Linda Ed.
_9269382
245 0 _aQuestions of intimacy rethinking population education
260 _aHamburg
_bUNESCO Institute for Education
_c1999
300 _a206p
_ccm.
650 _aEducation and Population
_9269383
942 _hY9(T):5.1, N9
_cGB
_2CC
999 _c550904
_d550904